cartes de hearthstone champs de bataille - Statistiques

Statistiques générales
  • Ce quiz a été pris 9 fois
  • Le résultat moyen est 11 sur 276
Statistiques - réponses
Niveau de taverne Type de carte Famille/Tribu Réponse % Correct
Taverne 5 Serviteur Neutre Brann Barbe-de-Bronze
63%
Taverne 1 Serviteur Neutre Tisse colère
50%
Taverne 5 Serviteur Neutre Titus Vaillefendre
50%
Taverne 3 Serviteur Bête Ara monstrueux
38%
Taverne 3 Serviteur Élémentaire Anomalie actualisante
25%
Taverne 2 Serviteur Méca Automate ancestral
25%
Taverne 3 Serviteur Méca Déflect-o-bot
25%
Taverne 2 Serviteur Élémentaire Élémenplus
25%
Taverne 3 Serviteur Méca Ennuy-o-module
25%
Taverne 1 Serviteur Méca Ennuy-o-tron
25%
Taverne 6 Serviteur Murloc Jeune Troublœil
25%
Taverne 5 Serviteur Naga Naga roulant des mécaniques
25%
Taverne 4 Serviteur Neutre Nomi, cauchemar culinaire
25%
Taverne 7 Serviteur Bête Papa ours
25%
Taverne 1 Serviteur Élémentaire Roche en fusion
25%
Taverne 4 Serviteur Pirate Arnaqueuse de doublons
13%
Taverne 1 Serviteur Pirate Artiste des mers du sud
13%
Taverne 6 Serviteur Tout Atrocité aride
13%
Taverne 6 Serviteur Bête Goldrinn, le grand loup
13%
Taverne 1 Serviteur Huran Bronze couenne
13%
Taverne 2 Serviteur Pirate Capitaine grondéventre
13%
Taverne 7 Serviteur Pirate Capitaine Sanders
13%
Taverne 7 Serviteur Démon Championne de Sargeras
13%
Taverne 6 Serviteur Huran Charlga
13%
Taverne 2 Serviteur Naga Collectionneur de coquillages
13%
Taverne 2 Serviteur Neutre Éclaireur patient
13%
Taverne 2 Serviteur Élémentaire Élémentaire de fête
13%
Taverne 2 Serviteur Démon Embrouillement
13%
Taverne 5 Serviteur Neutre Enchanteresse drakkari
13%
Taverne 1 Serviteur Démon Fine bouche
13%
Taverne 1 Serviteur Murloc Frappeur des Marais
13%
Taverne 6 Serviteur Démon Gangroptère affamé
13%
Taverne 3 Serviteur Mort-vivant Garde-cadavres
13%
Taverne 4 Serviteur Bête Glisseur turquoise
13%
Taverne 5 Serviteur Bête Grouillant des nids
13%
Taverne 2 Serviteur Neutre Héroïne altruiste
13%
Taverne 3 Serviteur Huran Huran ludophile
13%
Taverne 2 Sort Taverne Investissement prudent
13%
Taverne 6 Serviteur Dragon Kalecgos, Aspect des Arcanes
13%
Taverne 5 Serviteur Huran Les Trois Petits Hurans
13%
Taverne 1 Serviteur Mort-vivant Liche innofensive
13%
Taverne 3 Serviteur Démon Menteur invétéré
13%
Taverne 1 Serviteur Naga Mini myrmidon
13%
Taverne 4 Serviteur Élémentaire Mini Rag
13%
Taverne 1 Serviteur Murloc Mitrailleur a bulles
13%
Taverne 2 Serviteur Élémentaire Modeleur de boules de feu
13%
Taverne 2 Serviteur Élémentaire Modeleur de boules de neige
13%
Taverne 7 Serviteur Neutre Moira Barbe-de-Bronze
13%
Taverne 3 Serviteur Mort-vivant Momification
13%
Taverne 6 Serviteur Neutre Nadina la Rouge
13%
Taverne 3 Serviteur Pirate Peggy les os-de-fer
13%
Taverne 4 Serviteur Dragon Poète invétéré
13%
Taverne 2 Serviteur Démon Réenrouleur d'âme
13%
Taverne 3 Serviteur Mort vivant Réprouvée sans bras
13%
Taverne 2 Serviteur Naga Rôdeuse magmatique
13%
Taverne 5 Serviteur Murloc Roi Bagargouille
13%
Taverne 7 Serviteur Neutre Roi Varian
13%
Taverne 4 Serviteur Bête Rylak fan de métal
13%
Taverne 2 Serviteur Naga Spécialiste des maracas
13%
Taverne 4 Serviteur Dragon Super promo-Drake
13%
Taverne 3 Serviteur Dragon Tarecgosa
13%
Taverne 2 Serviteur Naga Thaumaturge
13%
Taverne 5 Sort Taverne Abattage
0%
Taverne 4 Serviteur Mort-vivant Abomination furieuse
0%
Taverne 3 Serviteur Méca Accordé-o-tron
0%
Taverne 4 Serviteur Huran Accroc de la gemme
0%
Taverne 6 Serviteur Murloc Agent néon
0%
Taverne 4 Serviteur Huran Alimentation audacieuse
0%
Taverne 6 Serviteur Tout Amalgame en visite
0%
Taverne 3 Serviteur Murloc Amateur de fontaines
0%
Taverne 6 Serviteur Pirate Amirale Eliza Lametripe
0%
Taverne 3 Serviteur Murloc Ancêtre flexible
0%
Taverne 2 Sort Taverne Anneau brillant
0%
Taverne 4 Serviteur Mort-vivant Anub’arak, roi nérubien
0%
Taverne 5 Serviteur Neutre Apprentie de Kangor
0%
Taverne 3 Serviteur Méca Arcanotron Activé
0%
Taverne 5 Serviteur Démon Archimonde
0%
Taverne 5 Sort Taverne Armure en réserve
0%
Taverne 5 Serviteur Neutre Artiste de rodéo
0%
Taverne 5 Serviteur Huran Artiste du bongo
0%
Taverne 6 Serviteur Élémentaire Ascendant d’ultraviolets
0%
Taverne 6 Serviteur Élémentaire/Démon Assemblage du Néant
0%
Taverne 7 Serviteur Méca Automo-BOUM
0%
Taverne 5 Sort Taverne Avantage précoce
0%
Taverne 1 Sort Taverne Banane de la taverne
0%
Taverne 3 Serviteur Pirate Barde romantique
0%
Taverne 3 Sort Taverne Bâton d'enrichissement
0%
Taverne 6 Sort Taverne Bâton perdu d’Hamuul
0%
Taverne 6 Sort Taverne Bénédiction de Fandral
0%
Taverne 3 Sort Taverne Bénédiction naturelle
0%
Taverne 2 Serviteur Murloc Bourbissa
0%
Taverne 5 Serviteur Naga Brillécaille
0%
Taverne 5 Sort Taverne Cadavre sous contrat
0%
Taverne 5 Serviteur Bête Caméléon karmique
0%
Taverne 5 Sort Taverne Canalisation du Dévoreur
0%
Taverne 5 Serviteur Neutre Carapace tortollane bleue
0%
Taverne 7 Serviteur Mort-vivant Cauchemar récurrent
0%
Taverne 4 Serviteur Neutre Champignon envoûté
0%
Taverne 5 Serviteur Mort-vivant Champion du Primat
0%
Taverne 7 Serviteur Huran Championne sanguine
0%
Taverne 4 Sort Taverne Changement de température
0%
Taverne 2 Serviteur Pirate Charpentier rebelle
0%
Taverne 5 Serviteur Dragon Chasseur de cueilleurs
0%
Taverne 4 Sort Taverne Chasseur de têtes à l’embauche
0%
Taverne 3 Serviteur Pirate Chasseur de têtes irritable
0%
Taverne 5 Serviteur Démon Chauffeuse furieuse
0%
Taverne 1 Serviteur Mort-vivant Chevaucheur ressuscité
0%
Taverne 2 Sort Taverne Choix du chef
0%
Taverne 4 Serviteur Pirate Collectionneur de lames
0%
Taverne 3 Serviteur Neutre Combattante ingénieuse
0%
Taverne 4 Sort Taverne Confiscation des gemmes
0%
Taverne 4 Sort Taverne Conque de clonage
0%
Taverne 1 Sort Taverne Consolidation ciblée
0%
Taverne 5 Serviteur Pirate Corsaire ambidextre
0%
Taverne 2 Serviteur Mort-vivant Crâne écarlate
0%
Taverne 2 Sort Neutre Cri de détresse
0%
Taverne 4 Serviteur Murloc Cyberpirate murloc
0%
Taverne 6 Serviteur Huran Cyclomotoriste huran
0%
Taverne 6 Serviteur Neutre Danseuse de saloon
0%
Taverne 5 Serviteur Bête/Méca Destrier mécanique
0%
Taverne 4 Serviteur Naga Dompteuse de créatures
0%
Taverne 1 Serviteur Dragon Dragonnet assoupi
0%
Taverne 2 Serviteur Neutre Dragotrafiquante
0%
Taverne 3 Serviteur Dragon Drake à réverbération
0%
Taverne 4 Serviteur Dragon Drake du Néant
0%
Taverne 4 Sort Taverne D’une traite
0%
Taverne 4 Serviteur Neutre Dynamiteur de tunnels
0%
Taverne 3 Sort Taverne Écho de rugissement
0%
Taverne 6 Serviteur Élémentaire Élémentaire de surprise
0%
Taverne 3 Serviteur Élémentaire Élémentaire du feu de brousse
0%
Taverne 3 Serviteur Élémentaire/Démon Élémentaire gangrené
0%
Taverne 4 Serviteur Neutre Élise, chasseuse de trésors
0%
Taverne 4 Sort Taverne Ensemble de thé égaré
0%
Taverne 2 Serviteur Démon Entourloupeur impétueux
0%
Taverne 4 Serviteur Pirate Estafette de poudre à canon
0%
Taverne 1 Sort Taverne Etendard de l'alliance
0%
Taverne 3 Sort Neutre Évolution durable
0%
Taverne 2 Sort Taverne Excavation précipitée
0%
Taverne 5 Serviteur Méca Explor-o-bot holographique
0%
Taverne 2 Serviteur Bête Faites comme l'oiseau
0%
Taverne 4 Sort Taverne Faveur des hannetons
0%
Taverne 4 Serviteur Murloc Fée des Murlocs
0%
Taverne 5 Serviteur Mort-vivant Feu foll-ogramme
0%
Taverne 5 Serviteur Neutre Flagellant muté
0%
Taverne 1 Serviteur Pirate Forban
0%
Taverne 3 Serviteur Élémentaire Fracasseur de météorites
0%
Taverne 5 Serviteur Mort-vivant Fracasseur des catacombes
0%
Taverne 6 Serviteur Mort-vivant Frappeuse mortelle
0%
Taverne 6 Serviteur Neutre Garde-côte
0%
Taverne 5 Serviteur Démon Garde de terreur fêlé
0%
Taverne 4 Serviteur Neutre Garde subalterne
0%
Taverne 7 Serviteur Élémentaire Gardien de granite
0%
Taverne 3 Serviteur Naga Gardienne d'antan
0%
Taverne 5 Sort Taverne Gâteaux corrompus
0%
Taverne 3 Sort Taverne Gemmes de musculation
0%
Taverne 5 Serviteur Dragon Général Drakkisath
0%
Taverne 5 Serviteur Bête Géniteur runique
0%
Taverne 5 Serviteur Élémentaire Gentil djinn
0%
Taverne 1 Serviteur Huran Géomancien de tranchebauge
0%
Taverne 3 Sort Taverne Gestion du temps
0%
Taverne 4 Serviteur Naga Glisseur glissant
0%
Taverne 6 Serviteur Mort-vivant/Bête Goule-acabra
0%
Taverne 3 Serviteur Pirate Grace Vogueloin
0%
Taverne 4 Serviteur Méca Graiss-o-bot
0%
Taverne 2 Serviteur Mort-vivant Grouillant-faucheur nérubien
0%
Taverne 5 Serviteur Murloc Guetteur primaileron
0%
Taverne 2 Serviteur Bête Gueule d'acier affamé
0%
Taverne 4 Serviteur Démon Haute surveillance
0%
Taverne 6 Serviteur Bête Héraut faucon-pérégrin
0%
Taverne 4 Serviteur Élémentaire Ichoron le protecteur
0%
Taverne 5 Sort Taverne Identité dévoilée
0%
Taverne 3 Serviteur Huran Imprégnatrice de cristaux
0%
Taverne 4 Serviteur Dragon Ingénieur efficace
0%
Taverne 1 Serviteur Bête Insecte vrombissant
0%
Taverne 2 Serviteur Méca Interprète mécagnome
0%
Taverne 5 Serviteur Neutre Interrogatrice Blanchetête
0%
Taverne 3 Serviteur Naga Jeux du cirque
0%
Taverne 2 Sort Taverne Lanterne Lumineuse
0%
Taverne 1 Sort Taverne Lasso enchanté
0%
Taverne 5 Serviteur Neutre Leeroy le Téméraire
0%
Taverne 6 Serviteur Pirate Loup de mer spatial
0%
Taverne 4 Serviteur Méca Machine du fronton
0%
Taverne 4 Serviteur Démon Malchezaar, prince du rythme
0%
Taverne 6 Serviteur Huran Mantépine « la flemme »
0%
Taverne 4 Serviteur Démon Marchand du bazar
0%
Taverne 6 Serviteur Naga Marteleuse de terre
0%
Taverne 5 Serviteur Neutre Massacreuse Croc-Radieux
0%
Taverne 5 Serviteur Méca Mastodonte de lunacier
0%
Taverne 6 Serviteur Méca/Démon Méca-Jaraxxus
0%
Taverne 5 Sort Taverne Millésime du saloon
0%
Taverne 2 Serviteur Huran Mineur météorique
0%
Taverne 6 Serviteur Méca Monstre du Dr Boum
0%
Taverne 6 Serviteur Bête Monture indomptable
0%
Taverne 7 Serviteur Murloc Morgl l’Oracle des marées
0%
Taverne 2 Serviteur Murloc/Dragon Murdragon flamboyant
0%
Taverne 4 Serviteur Naga Myrmidon corrompu
0%
Taverne 4 Serviteur Mort-vivant Nécrophage errant
0%
Taverne 6 Serviteur Naga Ondulance, seigneur des gains
0%
Taverne 4 Serviteur Neutre Outsider habile
0%
Taverne 2 Sort Taverne Pactole
0%
Taverne 3 Sort Taverne Pantalon retors
0%
Taverne 2 Serviteur Huran Parieur roncedos
0%
Taverne 2 Serviteur Pirate Parieuse convaincante
0%
Taverne 3 Serviteur Dragon Paysagiste irascible
0%
Taverne 1 Serviteur Naga Pêcheuse des abysses
0%
Taverne 4 Serviteur Démon Percussionniste grandiose
0%
Taverne 1 Serviteur Dragon Petit dragon égaré
0%
Taverne 6 Serviteur Dragon Phasaile
0%
Taverne 3 Serviteur Démon Pianiste d'enfer
0%
Taverne 1 Sort Taverne Pièce de la taverne
0%
Taverne 3 Serviteur Neutre Pilleur de tombes déguisé
0%
Taverne 5 Serviteur Pirate Pilote de navire
0%
Taverne 3 Serviteur Huran Pionnier huran
0%
Taverne 5 Serviteur Mort-vivant/Dragon Plaie-de-Nuit, embrasé
0%
Taverne 3 Serviteur Murloc Plongeur téméraire
0%
Taverne 1 Sort Taverne Pommes à gogo
0%
Taverne 3 Serviteur Huran Porte-bannière huran
0%
Taverne 5 Serviteur Pirate Porte-drapeau pirate du ciel
0%
Taverne 5 Serviteur Dragon Porte-tempête
0%
Taverne 3 Serviteur Neutre Pote à plumes
0%
Taverne 4 Sort Taverne Potentiel infini
0%
Taverne 4 Sort Taverne Prime de maraudeurs
0%
Taverne 5 Serviteur Élémentaire Primordium du crépuscule
0%
Taverne 4 Serviteur Murloc Prince ’Loc
0%
Taverne 2 Serviteur Neutre Prophète du sanglier
0%
Taverne 4 Serviteur Mort-vivant/Méca Prothèse de main
0%
Taverne 3 Serviteur Bête Raptor rusé
0%
Taverne 7 Serviteur Dragon Ravageur d’obsidienne
0%
Taverne 4 Sort Taverne Recherche de matériaux
0%
Taverne 6 Serviteur Neutre Recrue de la Main d’argent
0%
Taverne 1 Sort Taverne Recrutement de bleusaille
0%
Taverne 4 Serviteur Pirate Recruteur sans scrupule
0%
Taverne 2 Serviteur Mort-vivant Recycleuse cadavérique
0%
Taverne 5 Sort Taverne Regard de la Terre-Mère
0%
Taverne 6 Sort Taverne Renforcement par l’azérite
0%
Taverne 4 Sort Taverne Rites de défense
0%
Taverne 1 Serviteur Méca Rob'aria
0%
Taverne 2 Serviteur Méca Robot d'alarme frénétique
0%
Taverne 3 Serviteur Élémentaire Roche mère bienfaisante
0%
Taverne 5 Serviteur Murloc Roteur lyrique
0%
Taverne 1 Serviteur Bête Sabre-de-mana
0%
Taverne 4 Serviteur Bête Scarabée alerte
0%
Taverne 3 Serviteur Bête Scarabée des forêts
0%
Taverne 6 Serviteur Naga Silivaz le Vindicatif
0%
Taverne 5 Serviteur Élémentaire Souffle-grange dansant
0%
Taverne 4 Sort Taverne Spécialité vexécaille
0%
Taverne 6 Sort Taverne Sphère de sagesse de pacotille
0%
Taverne 3 Serviteur Neutre Spore mortelle
0%
Taverne 5 Serviteur Naga Stratège sombrecrête
0%
Taverne 3 Sort Taverne Suffisance
0%
Taverne 2 Serviteur Neutre Suinteux gladiateur
0%
Taverne 3 Serviteur Murloc Sujet implanté
0%
Taverne 2 Serviteur Dragon Synthé électrique
0%
Taverne 4 Serviteur Méca Tas de ferraille
0%
Taverne 3 Sort Taverne Télescope planaire
0%
Taverne 4 Serviteur Neutre Théière de la Ménagerie
0%
Taverne 6 Serviteur Neutre Théotar, maître théier
0%
Taverne 5 Serviteur Démon Tichondrius
0%
Taverne 4 Serviteur Neutre Tir précis de Sin’dorei
0%
Taverne 4 Serviteur Élémentaire Tornade décuplée
0%
Taverne 5 Sort Taverne Toucher d’or
0%
Taverne 4 Serviteur Huran Trafiquante de gemmes
0%
Taverne 5 Serviteur Méca Tsarine en recharge
0%
Taverne 5 Serviteur Naga Vandale daguéchine
0%
Taverne 3 Serviteur Élémentaire Verre de mer endormi
0%
Taverne 5 Serviteur Huran/Pirate Vieille coche
0%
Taverne 3 Sort Taverne Vigueur fugace
0%
Taverne 4 Sort Taverne Virevoltant toxique
0%
Taverne 6 Sort Taverne Vision parfaite
0%
Taverne 3 Serviteur Naga Visiteuse volcanique
0%
Taverne 6 Sort Taverne Voie peu fréquentée
0%
Taverne 2 Serviteur Murloc Voyageur assoiffé
0%
Taverne 5 Serviteur Démon Voyageur tardif
0%
Taverne 1 Serviteur Démon/Naga Voyante menacante
0%
Taverne 7 Serviteur Naga Zar’jira, la sorcière des mers
0%
Aucun quiz correspondant
Distribution des résultats
% des personnes avec chaque résultat
Percentile par nombre de réponses
Votre historique - résultats
Vous n’avez pas pris ce quiz